| 000 | 00429cam a2200169ua 4500 | ||
|---|---|---|---|
| 020 | _a085334-212-1 | ||
| 041 |
_aeng _h |
||
| 082 |
_a664.028 _bTHO/DE |
||
| 100 | _aThorne, Stuart . | ||
| 245 |
_aDevelopments in food preservation- 2 / _cStuart Thorne. _hTextual Documents |
||
| 250 |
_a1 / _b. |
||
| 260 |
_a : _bApplied science publisher , _c1983. |
||
| 300 | _a184 ; . | ||
| 504 | _a | ||
| 942 | _cBK | ||
| 999 |
_c1516 _d1516 |
||